000 00513nam a22001937a 4500
999 _c526182
_d526182
003 NUST
005 20190709065706.0
008 190709b ||||| |||| 00| 0 eng d
038 _aWaseem
082 _a891.49101
_bMAL
100 _aMalik, Shahzad
_915697
245 _aParchoola /
_cShahzad Malik
260 _aLahore :
_bAziz Book Dipo Publisher,
_c1997.
300 _a107 p. :
500 _aHardcover.
880 _6100-01\r
_aشہزاد ملک
880 _6245-02\r
_aپڑچولاں /
942 _2ddc
_cBK